Trouvez l'acteur ou l'actrice...8 - Statistiques

Statistiques générales
  • Ce quiz a été pris 113 fois
  • Le résultat moyen est 7 sur 15
Statistiques - réponses
Films / Séries Acteurs / Actrices % Correct
Maléfique - Bone collector - Mr and Mrs Smith Angelina Jolie
84%
L'écume des jours - Intouchables - Chocolat Omar Sy
79%
Sissi impératrice - La piscine - Le vieux fusil Romy Schneider
70%
Matrix - Speed - Entre deux rives Keanu Reeves
69%
Jean de Florette - 1492: Christophe Colomb - Germinal Gérard Depardieu
67%
Nuit d'ivresse - Trop belle pour toi - Gazon maudit Josiane Balasko
62%
Passengers - Happiness therapy - Hunger games Jennifer Lawrence
59%
La cité de la peur - Le coeur des hommes - Celle que j'aime Gérard Darmon
48%
Le boulet - Lola et ses frères - La vérité si je mens! José Garcia
45%
Will Hunting - Pearl Harbor - Daredavil Ben Affleck
43%
Sabrina - Le fugitif - Air force one Harrison Ford
42%
Mais où est donc passée la septième compagnie? - Les tontons flingueurs - Ne nous fâchons pas Jean Lefebvre
42%
Elle boit pas, elle fume pas, elle drague pas, mais...elle cause! - Il y a des jours...et des lunes - Merci la vie Annie Girardot
25%
Vanilla sky - L'étrange histoire de Benjamin Button - Le monde de Narnia: le prince Caspian Tilda Swinton
10%
Urgences - The good wife - Scrubs Julianna Margulies
5%
Aucun quiz correspondant
Distribution des résultats
% des personnes avec chaque résultat
Percentile par nombre de réponses
Votre historique - résultats
Vous n’avez pas pris ce quiz